Регионална библиотека "Любен Каравелов" - Русе

Избирателна система на Република България (Запис номер 414128)

MARC детайли
000 -Лидер
Контролно поле с фиксирана дължина 01575nam a2200385 a 4500
003 - Код на организацията, давaща контролен номер
Контролно поле BLK
005 - Дата и час на последна редакция
Контролно поле 20250301114355.0
008 - Елементи от данни с фиксирана дължина
fixed length control field 180411b bul|||||r ||||||| ||bul||
010 ## - Наследен системен номер
LC control number KNG00188346000
020 ## - Международен стандартен номер на книга ISBN
Международен стандартен номер на книга ISBN 9789540750903
040 ## - Източник на каталожния запис
Идентификатор на билиотеката - собственик на записа BLK
041 ## - Код за език
Код за езика на текст/звукозапис или на отделно заглавие Български
Код за езика КДБФ Български
080 ## - УДК
Текстов определител УДК Парламентарно право. Вж и 341.18; 342.51; 342.6
УДК код - определител по УДК 342.53
УДК определител (497.2)
УДК - код + определител 342.53(497.2)
100 1# - Редна дума - Автор
Автор Близнашки, Георги Петков
Авторска отговорност първи автор
R(LIN) 373363
139 ## - Редно поле
Редна дума Близнашки, Георги Петков
Авторски знак Бли - Б 49
245 10 - Сведения за заглавието
Заглавие Избирателна система на Република България
Подзаглавни данни Моногр.
Редно поле (дума) Георги Близнашки.
257 ## - Страна на издаване
Страна на създаване/издаване България
260 ## - Област на издателските данни
Място на издаване, разпространение и проч. София
Име на издателя, разпространителя и проч. Унив. изд. Св. Климент Охридски
Година на издаване 2020
300 ## - Физическа характеристика
Страници 88 с.
Размери/Мащаб 24 см
380 ## - Жанр
Жанр Обществени науки
490 ## - СЕРИИ (Колекции)
9 (RLIN) 453526
Име на серия Свитъци по конституционно право
№: серия 14
500 ## - Общи забележки
Забележка Рец.: Емилия Друмева, Мария Славова.
504 ## - Забележка за наличие на библиография и др
Забележка за наличие на библиография и под. Библиогр.: с. 82-87
650 #4 - Допълнително описание по предмет – тема
Основно описание – тема или топоним Парламентарно право - България
9 (RLIN) 165756
653 ## - Ключова дума – ненормативна
Ключова дума конституционно право
653 ## - Ключова дума – ненормативна
Ключова дума парламентарно право
653 ## - Ключова дума – ненормативна
Ключова дума парламентаризъм
653 ## - Ключова дума – ненормативна
Ключова дума Народно събрание
653 #7 - Ключова дума – ненормативна
Ключова дума парламентарни избори
9 (RLIN) 193369
852 ## - Местоположение
Форматна сигнатура Цб 305085
852 ## - Местоположение
Фондова буква Заемна - подръчен фонд
Систематично-азбучна сигнатура 342/Б 49 Г
999 ## - СИСТЕМНИ КОНТРОЛНИ НОМЕРА
Koha biblionumber 414128
Koha biblioitemnumber 414128
942 ## - АРТИКУЛИ
Вид на библиотечния материал Книги
Скрит в OPAC Не
Периодичен библиозапис Да
Koha issues (borrowed), all copies 1
944 ## - СЪЗДАВАНЕ И РЕДАКЦИЯ на ЗАПИСА
Създаване/Редакция Създаване
Дата на регистрацията/редакция 2021-05-14
Служител, извършил регистрацията/редакцията 30545
Статус, дата на статуса Нора Радева
944 ## - СЪЗДАВАНЕ И РЕДАКЦИЯ на ЗАПИСА
Създаване/Редакция Редакция
Дата на регистрацията/редакция 2021-11-18
Служител, извършил регистрацията/редакцията ГГГ
Наличности
Код за отписване Код за изгубен артикул Източник на класификационната схема Код за повреда Коз за рестрикции Код за отдаване Артикулен № Име на библиотеката - собственик Име на библиотеката, в която се намира в момента Статус (Текущо местоположение) Дата на вписване в системата Местоположение - отдел Цена в лева Систематично азбучна сигнатура Баркод Цена в евро Служебен тип на артикула
  Не е изгубен Universal Decimal Classification Не е повреден само за читалня ползва се в читалня 830143 Регионална библиотека "Любен Каравелов" Русе Регионална библиотека "Любен Каравелов" Русе Хранилище 2021-05-17 Хранилище 8.00 Цб 305085 120000854215 4.09 Книги
Изтеглен Не е изгубен Universal Decimal Classification Не е повреден без рестрикции заемане за дома 862793 Регионална библиотека "Любен Каравелов" Русе Регионална библиотека "Любен Каравелов" Русе Заемна - подръчен фонд 2021-11-18 Заемна - подръчен фонд 5.60 342/Б 49 Г 120000862829 2.86 Книги
  Не е изгубен Universal Decimal Classification Не е повреден без рестрикции заемане за дома 862794 Регионална библиотека "Любен Каравелов" Русе Регионална библиотека "Любен Каравелов" Русе Заемна - подръчен фонд 2021-11-18 Заемна - подръчен фонд 5.60 342/Б 49 Г 120000862830 2.86 Книги
  Не е изгубен Universal Decimal Classification Не е повреден без рестрикции заемане за дома 862795 Регионална библиотека "Любен Каравелов" Русе Регионална библиотека "Любен Каравелов" Русе Заемна - подръчен фонд 2021-11-18 Заемна - подръчен фонд 5.60 342/Б 49 Г 120000862831 2.86 Книги
Vip Innovations Ltd, Rousse, Bulgaria 2025